Burket's oral medicine / (Record no. 23064)
[ view plain ]
| 000 -LEADER | |
|---|---|
| fixed length control field | 01185cam a22003495i 4500 |
| 001 - CONTROL NUMBER | |
| control field | 18270399 |
| 003 - CONTROL NUMBER IDENTIFIER | |
| control field | EG-ScBUE |
| 005 - DATE AND TIME OF LATEST TRANSACTION | |
| control field | 20201203112727.0 |
| 008 - FIXED-LENGTH DATA ELEMENTS--GENERAL INFORMATION | |
| fixed length control field | 140815t20152015ctua f b 001 0 eng d |
| 020 ## - INTERNATIONAL STANDARD BOOK NUMBER | |
| International Standard Book Number | 9781607951889 |
| 040 ## - CATALOGING SOURCE | |
| Original cataloging agency | DNLM/DLC |
| Language of cataloging | eng |
| Description conventions | rda |
| Transcribing agency | DLC |
| Modifying agency | DLC |
| -- | EG-ScBUE |
| 082 04 - DEWEY DECIMAL CLASSIFICATION NUMBER | |
| Classification number | 617.63 |
| Item number | BUR |
| Edition number | 22 |
| 245 00 - TITLE STATEMENT | |
| Title | Burket's oral medicine / |
| Statement of responsibility, etc | [edited by] Michael Glick, William M. Feagans Chair. |
| 246 3# - VARYING FORM OF TITLE | |
| Title proper/short title | Oral medicine |
| 250 ## - EDITION STATEMENT | |
| Edition statement | Twelfth edition. |
| 264 #1 - PUBLICATION, DISTRIBUTION, ETC. (IMPRINT) | |
| Place of publication, distribution, etc | Shelton, CT : |
| Name of publisher, distributor, etc | People's Medical Publishing House, |
| Date of publication, distribution, etc | [2015] |
| 264 #4 - PUBLICATION, DISTRIBUTION, ETC. (IMPRINT) | |
| Date of publication, distribution, etc | c2015 |
| 300 ## - PHYSICAL DESCRIPTION | |
| Extent | xv, 716 pages : |
| Other physical details | illustrations (chiefly color) ; |
| Dimensions | 28 cm |
| 336 ## - CONTENT TYPE | |
| Content type term | text |
| Content type code | txt |
| Source | rdacontent |
| 337 ## - MEDIA TYPE | |
| Media type term | unmediated |
| Media type code | n |
| Source | rdamedia |
| 338 ## - CARRIER TYPE | |
| Carrier type term | volume |
| Carrier type code | nc |
| Source | rdacarrier |
| 504 ## - BIBLIOGRAPHY, ETC. NOTE | |
| Bibliography, etc | Includes bibliographical references and index. |
| 650 #7 - SUBJECT ADDED ENTRY--TOPICAL TERM | |
| Topical term or geographic name as entry element | Mouth |
| General subdivision | Diseases. |
| Source of heading or term | BUEsh |
| 9 (RLIN) | 41359 |
| 650 #7 - SUBJECT ADDED ENTRY--TOPICAL TERM | |
| Topical term or geographic name as entry element | Tooth Diseases |
| General subdivision | Diagnosis. |
| Source of heading or term | BUEsh |
| 650 #7 - SUBJECT ADDED ENTRY--TOPICAL TERM | |
| Topical term or geographic name as entry element | Oral manifestations of general diseases. |
| Source of heading or term | BUEsh |
| 9 (RLIN) | 38973 |
| 651 ## - SUBJECT ADDED ENTRY--GEOGRAPHIC NAME | |
| Source of heading or term | BUEsh |
| 653 ## - INDEX TERM--UNCONTROLLED | |
| Resource For college | Dentistry |
| -- | Pharmacy |
| Arrived date list | November2016 |
| 655 ## - INDEX TERM--GENRE/FORM | |
| Form subdivision | Text book |
| 9 (RLIN) | 33728 |
| 700 1# - ADDED ENTRY--PERSONAL NAME | |
| Personal name | Glick, Michael, |
| Relator term | editor. |
| 700 1# - ADDED ENTRY--PERSONAL NAME | |
| Personal name | Chair, William M. Feagans, |
| Relator term | editor. |
| 942 ## - ADDED ENTRY ELEMENTS (KOHA) | |
| Source of classification or shelving scheme | Dewey Decimal Classification |
| Koha item type | Book - Borrowing |
| Withdrawn status | Lost status | Source of classification or shelving scheme | Damaged status | Not for loan | Collection code | Home library | Current library | Shelving location | Date acquired | Source of acquisition | Cost, normal purchase price | Total Checkouts | Full call number | Barcode | Date last seen | Koha item type | Total Renewals | Date checked out | Price effective from |
|---|---|---|---|---|---|---|---|---|---|---|---|---|---|---|---|---|---|---|---|
| Dewey Decimal Classification | Baccah | Central Library | Central Library | First floor | 08/11/2016 | Purchase | 480.00 | 617.63 BUR | 000034748 | 15/07/2025 | NB - Book (Non borrowing) | ||||||||
| Dewey Decimal Classification | Baccah | Central Library | Central Library | First floor | 08/11/2016 | Purchase | 6 | 617.63 BUR | 000034749 | 15/07/2025 | Book - Borrowing | 19 | 18/08/2020 | 08/11/2016 | |||||
| Dewey Decimal Classification | Baccah | Central Library | Central Library | First floor | 08/11/2016 | Purchase | 2 | 617.63 BUR | 000034750 | 15/07/2025 | Book - Borrowing | 24/09/2019 | 08/11/2016 | ||||||
| Dewey Decimal Classification | Baccah | Central Library | Central Library | First floor | 08/11/2016 | Purchase | 2 | 617.63 BUR | 000034751 | 15/07/2025 | Book - Borrowing | 18 | 02/10/2024 | 08/11/2016 | |||||
| Dewey Decimal Classification | Baccah | Central Library | Central Library | First floor | 08/11/2016 | Purchase | 617.63 BUR | 000034752 | 15/07/2025 | Book - Borrowing | 08/11/2016 | ||||||||
| Dewey Decimal Classification | Baccah | Central Library | Central Library | First floor | 08/11/2016 | Purchase | 2 | 617.63 BUR | 000034753 | 15/07/2025 | Book - Borrowing | 17 | 28/09/2019 | 08/11/2016 | |||||
| Dewey Decimal Classification | Baccah | Central Library | Central Library | First floor | 08/11/2016 | Purchase | 2 | 617.63 BUR | 000034754 | 11/02/2026 | Book - Borrowing | 04/02/2026 | 08/11/2016 | ||||||
| Dewey Decimal Classification | Baccah | Central Library | Central Library | First floor | 08/11/2016 | Purchase | 2 | 617.63 BUR | 000034755 | 15/07/2025 | Book - Borrowing | 3 | 25/11/2019 | 08/11/2016 |